20 największych miast w Niemczech - Statystyki

Ogólne statystyki
  • Ten quiz został rozwiązany 99 razy
  • Średni wynik to 12 z 20
Statystyki odpowiedzi
Ludność Miasto % Poprawnych
3 644 826 Berlin
100%
1 471 508 Monachium
96%
1 841 179 Hamburg
93%
587 857 Lipsk
85%
587 010 Dortmund
84%
753 056 Frankfurt
84%
1 085 664 Kolonia
84%
554 649 Drezno
76%
634 830 Stuttgart
69%
569 352 Brema
60%
619 294 Dusseldorf
59%
538 068 Hanower
56%
518 365 Norymberga
52%
583 109 Essen
47%
327 258 Bonn
37%
364 628 Bochum
32%
498 590 Duisburg
31%
333 785 Bielefeld
24%
354 382 Wuppertal
19%
314 319 Munster
13%
Nie znaleziono quizów pasujących do podanych kryteriów
Rozkład punktacji
Procent ludzi z każdym wynikiem
Percentyl według liczby udzielonych odpowiedzi
Twoja historia wyników
Nie rozwiązałeś tego quizu